000
00263nam a22001217a 4500
082
_a
940 LIT'N
100
_a
LITTEFIELD, HENRY WILSON
_9
57712
245
_a
940 LIT'N
250
_a
5TH
260
_a
NEWYORK
_b
BARNES & NOBLE
_c
1947
300
_a
181P
942
_c
BK
999
_c
567981
_d
567981